书目信息 |
| 书名: | The call of the wild | |
| 作者: | ||
| 分册号: | ||
| 分册名: | 出版地: | London : |
|
| 出版社: | Hamlyn Pub. Group Ltd | |
| 出版时间: | 1976. | |
| 页数: | 94 p. | |
| 开本: | ||
| 丛书名: | ||
| 中图分类号: | ||
| 科图分类号: | ||
| 其他分类号: | H319.4 | |
| 主题词: | ||
| 电子资源: | ||
| 000 | 00640nam 2200229 a 4500 | |
| 001 | E0758174267 | |
| 005 | 20070210161847.03 | |
| 008 | eng | |
| 008 | uu | |
| 020 | @a0-600-31913-X :@cCNY0.40. | |
| 040 | @aNLC | |
| 049 | @aN5LA | |
| 090 | @a2/I712.44/LJC-R/////////*916907/-08/2cop. | |
| 090 | @aH319.4 | |
| 096 | @aI712.44 @v2 | |
| 099 | @dH319.4@ex91 | |
| 100 | 1 | @aLondon, Jack. |
| 245 | 14 | @aThe call of the wild |
| 260 | @aLondon :@bHamlyn Pub. Group Ltd.,@c1976. | |
| 300 | @a94 p. | |
| 500 | @a3rd impression 1979. @b00 @c20020930 @lNLC09 @h2245 @lNLC09 @h2241 @lNLC09 @h1832 | |
| 852 | 9 | @bWWJC @cJ08S @k2 @hI712.44 @iLJC-R |
| The call of the wild.-London : : Hamlyn Pub. Group Ltd., , 1976. |
| 94 p. |
| 3rd impression 1979. |
| ISBN 0-600-31913-X :CNY0.40. |
| ● |
| 相关链接 |
|
|
|
|
正题名:call of the wild
索取号:H319.4/x91
 
预约/预借
| 序号 | 登录号 | 条形码 | 馆藏地/架位号 | 状态 | 备注 |
| 1 | 184523 | 202455137 | 第四借阅区/ [索取号:H319.4/x91] | 在馆 | |
| 2 | 46313 | 202455084 | 第四借阅区/ [索取号:H319.4/x91] | 在馆 | |
| 3 | 46314 | 202455093 | 第四借阅区/ [索取号:H319.4/x91] | 在馆 | |
| 4 | 46315 | 202455100 | 第四借阅区/ [索取号:H319.4/x91] | 在馆 | |
| 5 | 46316 | 202455119 | 第四借阅区/ [索取号:H319.4/x91] | 在馆 | |
| 6 | 46317 | 202455164 | 第四借阅区/ [索取号:H319.4/x91] | 在馆 | |
| 7 | 46318 | 202455128 | 第四借阅区/ [索取号:H319.4/x91] | 在馆 | |
| 8 | 46319 | 202455146 | 第四借阅区/ [索取号:H319.4/x91] | 在馆 | |
| 9 | 46320 | 202455155 | 第四借阅区/ [索取号:H319.4/x91] | 在馆 |